00510 2200193 4500001002100000008004100021035002000062245004300082100002300125110002400148260003300172300001200205020001800217084001400235082000800249650001900257990001900276990002100295INLIS000000000001145 ind  a0010-0724001145 aBersahabat ListrikcSetiyo Budi Wiyono aSetiyo Budi Wiyono aWiyono, Setiyo Budi aKlatenbIntan Pariwarac2008 a68 hlm. a979-28-0414-0 a621 SET b a621 aFisika Terapan aP29/CP/24/1145 aP29/CP/24/1145.1